000
00289nam a22001217a 4500
020
_a
572-00344-7
082
_a
621.381528 LYT'H
100
_a
LYTEL, ALLAN
_9
57411
245
_a
HANDBOOK OF TRANSISTOR CIRCUITS
260
_a
ENGLAND
_b
FOULSHMAN SAMA
_c
1965
300
_a
244P
942
_c
BK
999
_c
567697
_d
567697